Jeux Vidéo par images d'antagonistes #1 - Statistiques

Statistiques générales
  • Ce quiz a été pris 1 120 fois
  • Le résultat moyen est 13 sur 20
Statistiques - réponses
Par images Réponse % Correct
Mario
99%
Minecraft
97%
Pac-Man
97%
Sonic
94%
The Legend of Zelda: Tears of the Kingdom
77%
The Last of Us
76%
Pokemon
73%
Final Fantasy VII
69%
Far Cry 3
68%
Resident Evil Village
66%
GTA V
64%
Cuphead
61%
God of War: Ragnarök
60%
Skyrim
59%
Kirby
58%
Genshin Impact
54%
Silent Hill
41%
Spyro
36%
Borderlands 2
34%
Shadow of the Tomb Raider
17%
Aucun quiz correspondant
Distribution des résultats
% des personnes avec chaque résultat
Percentile par nombre de réponses
Votre historique - résultats
Vous n’avez pas pris ce quiz